Менеджмент: учебное пособие

Dettagli Bibliografici
Autore principale: Беляев В. И. Виктор Иванович
Riassunto:Экономическая реформа в России может быть успешной только в том случае, если наряду с реформами на макроуровне активно будут реформироваться и системы управления на отечественных предприятиях. Реформу на предприятиях, безусловно, следует связывать с внедрением адекватных рыночным отношениям концепций (методов, средств, приемов) маркетинга и менеджмента. В учебном пособии излагаются начальные сведения из области менеджмента: показатели эффективности и результативности деятельности предприятий, эволюция взглядов па природу управления людьми, практические рекомендации по совершенствованию менеджерской деятельности. Для студентов, в том числе заочной и дистанционной форм обучения, аспирантов и преподавателей вузов, а также для руководителей организаций.
Lingua:russo
Pubblicazione: Москва, КноРус, 2009
Soggetti:
Natura: MixedMaterials Libro
KOHA link:https://koha.lib.tpu.ru/cgi-bin/koha/opac-detail.pl?biblionumber=150439

MARC

LEADER 00000nam0a2200000 4500
001 150439
005 20231101221501.0
010 |a 9785390002346 
035 |a (RuTPU)RU\TPU\book\163104 
090 |a 150439 
100 |a 20090112d2009 m y0rusy50 ca 
101 0 |a rus 
102 |a RU 
105 |a a j 001zy 
200 1 |a Менеджмент  |e учебное пособие  |f В. И. Беляев 
210 |a Москва  |c КноРус  |d 2009 
215 |a 250 с.  |c ил. 
320 |a Библиогр.: с. 247-249. 
330 |a Экономическая реформа в России может быть успешной только в том случае, если наряду с реформами на макроуровне активно будут реформироваться и системы управления на отечественных предприятиях. Реформу на предприятиях, безусловно, следует связывать с внедрением адекватных рыночным отношениям концепций (методов, средств, приемов) маркетинга и менеджмента. В учебном пособии излагаются начальные сведения из области менеджмента: показатели эффективности и результативности деятельности предприятий, эволюция взглядов па природу управления людьми, практические рекомендации по совершенствованию менеджерской деятельности. Для студентов, в том числе заочной и дистанционной форм обучения, аспирантов и преподавателей вузов, а также для руководителей организаций. 
606 1 |a Менеджмент  |2 stltpush  |3 (RuTPU)RU\TPU\subj\42098  |9 61850 
610 1 |a экономика 
610 1 |a управление 
610 1 |a внешняя среда 
610 1 |a персонал 
610 1 |a обучение 
610 1 |a научные школы 
610 1 |a история 
610 1 |a методология 
610 1 |a менеджеры 
610 1 |a управленческий труд 
610 1 |a учебные пособия 
686 |a У9(2)212я73  |v LBC/SL-A  |2 rubbk 
700 1 |a Беляев  |b В. И.  |g Виктор Иванович 
801 1 |a RU  |b 63413507  |c 20090112  |g PSBO 
801 2 |a RU  |b 63413507  |c 20150515  |g PSBO 
900 |a Менеджмент 
942 |c BK 
951 |a 521600  |b 080100 
959 |a 3/20090111  |d 2  |e 100,00  |f АНЛ:1  |f ЧЗГЛ:1